| 000 | 00384nam a22001457a 4500 | ||
|---|---|---|---|
| 020 | _a9789332556973 | ||
| 040 | _cNUST | ||
| 082 | _a670 LIN | ||
| 100 | _aLindberg, Roy A. | ||
| 245 | _aProcesses and Materials of Manufacture | ||
| 250 | _a4th Edition | ||
| 260 |
_aIndia: _bPearson Education, _c2016. |
||
| 650 |
_aProcesses and Materials of Manufacture _991854 |
||
| 942 |
_2ddc _cBK |
||
| 999 |
_c589986 _d589986 |
||